| 000 | 00637nam a2200229Ia 4500 | ||
|---|---|---|---|
| 003 | OSt | ||
| 005 | 20220928102642.0 | ||
| 006 | a|||||r|||| 00| 0 | ||
| 007 | ta | ||
| 008 | 220927b |||||||| |||| 00| 0 eng d | ||
| 024 | _a62613 | ||
| 037 | _cTextual | ||
| 040 |
_aSDCL _cSDCL _beng |
||
| 041 |
_2eng _aeng |
||
| 082 | _aW691y7M18:g, N2 | ||
| 100 |
_aShitanshu Shashibhushan _9399628 |
||
| 245 | 0 | _aMarxwadi samajshastria aur itihasik alochna | |
| 260 |
_aDelhi _bRadhakrishana _c1992 |
||
| 300 |
_a173p _ccm. |
||
| 942 |
_hW691y7M18:g, N2 _cTEXL _2CC |
||
| 999 |
_c715504 _d715504 |
||